| 000 | 00529nam a22001697a 4500 | ||
|---|---|---|---|
| 005 | 20231127102913.0 | ||
| 008 | 231127b |||||||| |||| 00| 0 eng d | ||
| 020 | _a978019954172 ; 9780199593613 | ||
| 041 | _aEnglish | ||
| 082 | _a340.1 SUS | ||
| 100 |
_aSusskind, R _lEnglish |
||
| 245 |
_aThe End of Lawyers? : _bRethinking the Nature of Legal Services / _cR Susskind |
||
| 250 | _aFirst Edition | ||
| 300 |
_blii, 303 pages ; _c24 cm. |
||
| 650 |
_aLegal practice _bLaw |
||
| 942 |
_cBK _6ALISON_BN_VRIES |
||
| 999 |
_c976 _d976 |
||